000 00563nam a2200217Ia 4500
001 9441
003 GE_BSU
008 181216s||||||||xx |||||||||||||| ||und||
040 _cGE_BSU
080 _a821.353.1–1
100 _aმაჭავარიანი,მუხრან
245 _aიარონ!
245 _bლექსები
260 _aთბილისი
260 _bნაკადული
260 _c1970
300 _a123გვ.16სმ.
653 _aიარონ!
653 _aლექსები
942 _cBK
999 _c42735
_d42735